Normal view MARC view

Entry Nombre personal

Number of records used in: 1

001 - NÚMERO DE CONTROL

  • campo de control: 18051

003 - IDENTIFICADOR DE NÚMERO DE CONTROL

  • campo de control: SpMaBN

005 - FECHA Y HORA DE LA ÚLTIMA TRANSACCIÓN

  • campo de control: 20230528211236.0

008 - ELEMENTOS DE DATO DE LONGITUD-FIJA

  • campo de control de longitud fija: 900725nn ainnnaabn n aaa

016 ## - NÚMERO DE CONTROL DE UNA AGENCIA BIBLIOGRÁFICA NACIONAL

  • Número de control del registro: BNE19960811280

024 7# - IDENTIFICADOR DE OTROS ESTÁNDARES

  • Número estándar o código: http://viaf.org/viaf/61645/
  • Fuente: viaf

024 7# - IDENTIFICADOR DE OTROS ESTÁNDARES

  • Número estándar o código: https://isni.org/isni/0000000052034342
  • Fuente: isni

024 7# - IDENTIFICADOR DE OTROS ESTÁNDARES

  • Número estándar o código: http://www.wikidata.org/entity/Q1477521
  • Fuente: wikidata

040 ## - FUENTE DE CATALOGACIÓN

  • Centro catalogador/agencia de origen: SpMaBN
  • Lengua de catalogación: spa
  • Centro/agencia transcriptor: SpMaBN
  • Normas de descripción: rdc
  • Convención/Normas de encabezamiento de materia/tesauro: embne
  • Centro/agencia modificador: ES-MaACL

046 ## - FECHAS CON CODIFICACIÓN ESPECIAL

  • Fecha de nacimiento: 1901
  • Fecha de la muerte: 1960

100 1# - ENCABEZAMIENTO-NOMBRE DE PERSONA

  • Nombre de persona: Abella Caprile, Margarita,
  • Fechas asociadas al nombre: 1901-1960

370 ## - LUGAR ASOCIADO

  • Lugar de nacimiento: Argentina, Buenos Aires

370 ## - LUGAR ASOCIADO

  • Lugar de fallecimiento: Argentina, Buenos Aires

374 ## - OCUPACIÓN

  • Ocupación: Escritores
  • Ocupación: Periodistas

375 ## - GÉNERO/SEXO

  • Género: Femenino

377 ## - IDIOMA ASOCIADO

  • Término de lengua/lenguaje: Español

670 ## - FUENTE DE DATOS ENCONTRADOS

  • Cita de la fuente: Nieve, 1919;
  • Información encontrada: portada (Margarita Abella Caprile)

670 ## - FUENTE DE DATOS ENCONTRADOS

  • Cita de la fuente: WWW Wikipedia, 16-12-2020;
  • Información encontrada: (Margarita Rosa Josefina Abella Caprile fue una escritora argentina dedicada a la poesía y el periodismo literario. Ganadora del Premio de Honor de la Sociedad Argentina de Escritores 1950 y del Premio Municipal de Literatura 1938)
  • Identificador Uniforme de Recursos: https://es.wikipedia.org/wiki/Margarita_Abella_Caprile

670 ## - FUENTE DE DATOS ENCONTRADOS

  • Cita de la fuente: WWW Bn España aut., 28-5-2023;
  • Información encontrada: (Abella Caprile, Margarita, 1901-1960)

955 ## - CATALOGADOR - EDICIÓN

  • Nombre del catalogador: Julia Mas Vieira